|
|
|
|
| LEADER |
00000nam a2200000 a 4500 |
| 001 |
UCG1533 |
| 003 |
CL-VaPUC |
| 005 |
20210729142553.0 |
| 008 |
100506e20080000AG |||||||||||||||||spa|d |
| 999 |
|
|
|c 340882
|d 340880
|
| 020 |
|
|
|a 9789500201001
|
| 040 |
|
|
|c Pontificia Universidad Católica de Valparaíso
|
| 082 |
0 |
4 |
|a 909
|b GIF
|2 21
|
| 100 |
|
|
|a Gifford, Clive
|e author
|9 549511
|
| 245 |
1 |
0 |
|a 10 líderes que cambiaron el mundo
|
| 250 |
|
|
|a 1a. ed
|
| 260 |
|
|
|a Buenos Aires
|b El Ateneo
|c 2008
|
| 300 |
|
|
|a 63 p
|
| 500 |
|
|
|a Conoce la apasionante historia de diez líderes del mundo que cambiaron el curso del siglo XX. Biografías con un punto de vista nuevo: el "Nexo vital" va conectando las historias, revelando cómo cada dirigente se inspiró en quienes le precedieron. Las geniales ilustraciones devuelven la vida a todas estas historias
|
| 583 |
|
|
|a last modification
|c 20100506 00:00:00
|k Rodrigo Vera
|
| 600 |
0 |
7 |
|a GANDHI, MAHATMA
|2 CL-VaPUC
|9 319053
|
| 600 |
0 |
7 |
|a CHURCHILL, WINSTON S
|2 CL-VaPUC
|9 342458
|
| 600 |
|
0 |
|a GAULLE, CHARLES DE
|9 438111
|
| 600 |
0 |
7 |
|a ROOSEVELT, FRANKLIN DELANO
|2 CL-VaPUC
|9 341242
|
| 600 |
|
0 |
|a Mao, Tse-Tung,
|d 1893-1976
|q Mao, Zedong
|9 862346
|
| 600 |
0 |
7 |
|a STALIN, JOSEPH
|2 CL-VaPUC
|9 313919
|
| 600 |
0 |
7 |
|a HITLER, ADOLF
|2 CL-VaPUC
|9 314510
|
| 600 |
0 |
7 |
|a GORBACHOV, MIJAIL
|2 CL-VaPUC
|9 373978
|
| 600 |
0 |
7 |
|a CASTRO, FIDEL
|2 CL-VaPUC
|9 535850
|
| 600 |
0 |
7 |
|a Mandela, Nelson Rolihlahla,
|d 1918-2013
|9 862060
|
| 650 |
|
7 |
|a HISTORIA UNIVERSAL SIGLO 20
|2 CL-VaPUC
|9 361893
|
| 650 |
|
0 |
|a Biografías
|9 255210
|
| 650 |
|
0 |
|a Líderes políticos
|9 477536
|
| 650 |
|
7 |
|a LIDERES ESPIRITUALES
|2 CL-VaPUC
|9 549509
|
| 700 |
0 |
|
|a Cousens, David
|e author
|9 549507
|
| 942 |
|
|
|c BK
|2 ddc
|
| 945 |
|
|
|d 20100506 00:00:00
|a cmena
|
| 952 |
|
|
|0 0
|1 0
|4 0
|6 909_000000000000000_GIF_2008
|7 0
|8 C
|9 436019
|a BIBCUR
|b BIBCUR
|d 2019-11-22
|i 4668685
|l 3
|o 909 GIF 2008
|p 4668685
|r 2025-04-22
|s 2024-12-09
|w 2019-11-22
|y BK
|k EXP
|